Finish the lyrics Hamilton #3 - Statistics

General Stats
  • This quiz has been taken 139 times
  • The average score is 43 of 60
Answer Stats
Hint Answer % Correct
I am not throwing ____ my shot away
99%
I am not throwing ____ my shot away
99%
And I'm not throwing away my ____ shot
95%
And I am not throwing away my ____ shot
95%
And I am not throwing away my ____ shot
95%
And I am not throwing away my ____ shot
95%
I'm young, scrappy and ______ hungry
94%
I'ma get a scholarship to King's ______ college
89%
I'm a diamond in the _____, a shiny piece of coal rough
85%
Hey, __, I'm just like my country yo
85%
Ay, __, I'm just like my country yo
85%
I am the A-L-E-X-A-N-D-E-R—we are—____ to be meant
84%
Only ________, but my mind is older nineteen
84%
'Onarchy? How you ___, how you s-oh, 'anarchy!' say
84%
I'm young _______ and hungry scrappy
82%
These New York City streets get _____, I shoulder colder
80%
He ain't ever gonna set his descendants ____ free
79%
Then King _____ turns around, runs a spending spree George
79%
When I fight, I make the _____ side panicky With my— other
79%
So there will be a revolution in this _______ century
78%
With every word, I ____ knowledge drop
77%
But we'll _____ be truly free never
76%
I prob'ly shouldn't brag, but dag, I _____ and astonish amaze
75%
Yo, I'm a tailor's __________ apprentice
75%
On a stallion with the first _____ battalion black
75%
I will lay down my ___ if it sets us free life
75%
Geniuses, _____ your voices lower
75%
Tryin' to reach my goal, my power of _______ unimpeachable speech
75%
I walk these _______ famished streets
75%
The problem is I got a lot of ______, but no polish brains
74%
I _____ of life without a monarchy dream
73%
The unrest in _____ will lead to 'onarchy? France
73%
Laurens, I ___ you a lot like
72%
Meanwhile, _______ keeps shittin' on us endlessly Britain
71%
A ______ that runs independently colony
71%
Don't be _______ when your hist'ry book mentions me shocked
71%
_____ me (He says in parentheses) Enter
70%
The plan is to fan this spark into a _____ flame
70%
I think your _____ look hot pants
69%
I'm joining the rebellion 'cause I know it's my _____ chance
68%
You keep out of trouble and you ______ your choices double
68%
To socially advance, ______ of sewin' some pants instead
68%
Give me a position, ____ me where the ammunition is show
68%
Essentially, they ___ us relentlessly tax
67%
_________, you'll see my ascendancy Eventually
64%
Mister Lafayette, hard rock like _______ lancelot
64%
What are the ____ the gods would put us all in one spot odds
64%
You've got to be carefully taught If you ____, you're gonna get shot talk
61%
Until those in ________ have the same rights as you and me bondage
59%
Burr, _____ what we got check
55%
But damn, it's getting ____, so let me spell out the name dark
55%
I gotta _____ just to be heard holler
55%
I have _______ to manage, I don't have a gun to brandish learned
54%
Ev'ry ______, ev'ry disadvantage burden
51%
A _____ of revolutionary manumission abolitionists? bunch
49%
I'm with you, but the situation is ______ fraught
49%
Let's hatch a plot blacker than the ______ callin' the pot kettle
47%
And I got y'all knuckleheads in ____ parentis loco
45%
Poppin' a squat on conventional ______, like it or not wisdom
35%
You and I, do or die, wait 'til I ____ in sally
33%
No matching quizzes found
Score Distribution
Percent of People with Each Score
Percentile by Number Answered
Your Score History
You have not taken this quiz